000 00212nam a22001097a 4500
082 _a512.895YUS
100 _aYusuf.S.M.
245 _aVector analysis
260 _aLahore
_c1986
300 _a114
942 _cBK
999 _c14170
_d14170